000
00301nam a22001337a 4500
020
_a
81-286-0439-2
082
_a
823
_b
BLY/N
100
_a
ENID BLYTON
245
_a
NODDY AND THE TOOTLES
260
_a
MUMBAI
_b
EURO BOOKS
300
_a
60
650
_a
CHILDRENS STORY BOOK
_v
ORIGINAL CLASSICS
942
_c
BK
999
_c
82
_d
82